الجانب الالهي من التفكير الاسلامي
| Format: | Book |
|---|---|
| Published: |
Qahirah :
Maktabah Wahbah ,
[1962]
|
| Subjects: |
MARC
| LEADER | 00000cam a2200000 7i4500 | ||
|---|---|---|---|
| 001 | 0000000497 | ||
| 005 | 20160204093000.0 | ||
| 008 | 021118s1962 | ||
| 090 | 0 | 0 | |a B741 |b .B33 |
| 245 | 1 | 2 | |a الجانب الالهي من التفكير الاسلامي |c محمد البهي |
| 260 | 2 | |a Qahirah : |b Maktabah Wahbah , |c [1962] | |
| 300 | |a 483 p . ; |c 25 cm. | ||
| 650 | 0 | |a Islamic philosophy | |
| 745 | 0 | 3 | |a al-Janib al-Ilahi min al-tafkir al-Islami |
| 999 | |a 1000012932 |b Book |c OPEN SHELF (30 DAYS) |e Gong Badak Campus | ||
| 999 | |a 1000012933 |b Book |c OPEN SHELF (30 DAYS) |e Gong Badak Campus | ||